Manual de diseño de calefacción, ventilación y aire acondicionado

Збережено в:
Бібліографічні деталі
Автори: Grimm, Nils R (Автор), Rosaler, Robert C (Автор)
Формат: Книга
Мова:Іспанська
Опубліковано: Madrid McGraw-Hill 1996
Серія:Manuales McGraw-Hill de Ingeniería y Ciencia
Предмети:
Теги: Додати тег
Немає тегів, Будьте першим, хто поставить тег для цього запису!

MARC

LEADER 00000nam a2200000 a 4500
001 UCS2327
003 CL-VaPUC
008 970523e19960000SP |||||||||||||||||spa|d
020 |a 8448105842 
020 |a 8448106520v.1 
020 |a 8448106539v.2 
082 0 4 |a 697  |b GRI  |2 21 
100 0 |a Grimm, Nils R  |e author  |9 387648 
700 0 |a Rosaler, Robert C  |e author  |9 387649 
245 1 0 |a Manual de diseño de calefacción, ventilación y aire acondicionado 
300 |a v 
942 |c BK 
945 |d 19970523 00:00:00  |a amoreno 
260 |a Madrid  |b McGraw-Hill  |c 1996 
650 7 |a CALEFACCION  |2 CL-VaPUC  |9 387650 
650 0 |a Ventilación  |9 267243 
650 0 |a Aire acondicionado  |9 259344 
650 0 |a Diseño  |9 260483 
650 0 |a Tuberías  |9 259420 
650 0 |a Vapor  |9 264103 
650 0 |a Agua caliente  |9 387651 
650 7 |a SISTEMAS DE CALEFACCION ELECTRICA  |2 CL-VaPUC  |9 387652 
650 7 |a CALEFACCION SOLAR  |2 CL-VaPUC  |9 263347 
650 7 |a CALDERAS  |2 CL-VaPUC  |9 260947 
650 7 |a QUEMADORES  |2 CL-VaPUC  |9 387653 
650 0 |a Ventiladores  |9 387654 
583 |a last modification  |c 19970523 00:00:00  |k Rodrigo Vera 
490 0 |a Manuales McGraw-Hill de Ingeniería y Ciencia 
999 |c 260299  |d 260297 
952 |0 0  |1 0  |4 0  |6 697_000000000000000_GRI_1996  |7 0  |8 A  |9 286284  |a BIBMEC  |b BIBMEC  |d 2019-11-19  |i 3307069  |o 697 GRI 1996  |p 3307069  |r 2019-11-19  |w 2019-11-19  |y BK  |k MEC 
952 |0 0  |1 0  |4 0  |6 697_000000000000000_GRI_1996  |7 0  |8 A  |9 286285  |a BIBMEC  |b BIBMEC  |d 2019-11-19  |h v.1  |i 357413K  |o 697 GRI 1996  |p 357413K  |r 2024-01-19  |w 2019-11-19  |y BK  |k MEC 
952 |0 0  |1 0  |4 0  |6 697_000000000000000_GRI_1996  |7 0  |8 A  |9 286286  |a BIBMEC  |b BIBMEC  |d 2019-11-19  |h v.2  |i 3574148  |o 697 GRI 1996  |p 3574148  |r 2024-01-19  |w 2019-11-19  |y BK  |k MEC 
952 |0 0  |1 0  |4 0  |6 697_000000000000000_GRI_1996  |7 0  |8 X  |9 286287  |a BIBING  |b BIBING  |d 2019-11-19  |h v.1  |i 3960439  |o 697 GRI 1996  |p 3960439  |r 2025-01-20  |w 2019-11-19  |y BK_X  |k CCL 
952 |0 0  |1 0  |4 0  |6 697_000000000000000_GRI_1996  |7 0  |8 X  |9 286288  |a BIBING  |b BIBING  |d 2019-11-19  |h v.2  |i 3960447  |o 697 GRI 1996  |p 3960447  |r 2025-01-20  |w 2019-11-19  |y BK_X  |k CCL